Normal view MARC view
  • Villa Sánchez, Aurelio

Entry Nombre Personal

Number of records used in: 21

001 - NUMERO DE CONTROL

  • campo de control: 29626

003 - IDENTIFICADOR DE NUMERO DE CONTROL

  • campo de control: UPN

005 - FECHA Y HORA DE LA ÜLTIMA TRANSACCIÓN

  • campo de control: 20221122103443.0

008 - DATOS DE LONGITUD FIJA

  • campo de control de longitud fija: nabaccnnaabn|||||||||| b |nc|||||d

024 7# - OTROS IDENTIFICADORES NORMALIZADOS

  • Fuente: orcid
  • Número normalizado o código: 0000-0001-6709-9859

035 ## - NUMERO DE CONTROL

  • Número de control: UPN11000001732

040 ## - FUENTE DE CATALOGACIÓN

  • Lenguaje de catalogación: SPA
  • Agencia de transcripción: UPN
  • Agencia original de catalogación: MX-MxUPN

100 1# - ENCABEZAMIENTO - NOMBRE PERSONAL

  • Nombre personal: Villa Sánchez, Aurelio

370 ## - LUGAR ASOCIADO

  • Associated country: España

371 ## - DIRECCIÓN

  • Electronic mail address: aurelio.villa@deusto.es

372 ## - CAMPO DE ACTIVIDAD

  • Field of activity: Ciencias de la educación, pedagogía
  • Field of activity: Psicología

373 ## - GRUPO ASOCIADO

  • Associated group: Universidad de Deusto

374 ## - OCUPACIÓN

  • Occupation: Profesor - Investigador universitario

670 ## - FUENTE EN LA QUE SE LOCALIZARON DATOS

  • Cita de la fuente: T
  • Información localizada: Desarrollo y evaluación del autoconcepto en la edad infantil

670 ## - FUENTE EN LA QUE SE LOCALIZARON DATOS

  • Cita de la fuente: Sitio web: Researchgate
  • Información localizada: Aurelio Villa Sánchez

902 ## - CATALOGADOR

  • Catalogador: DAA/230608
  • Catalogador: BLSM/221122